| 000 | 00424nam a22001457a 4500 | ||
|---|---|---|---|
| 003 | NUST | ||
| 005 | 20240226140823.0 | ||
| 082 | _a005.1 | ||
| 100 |
_aAhmed, Naveen _935209 |
||
| 245 |
_aAspect Oriented Design for Data Driven Projects / _cNaveen Ahmed, |
||
| 260 |
_aRawalpindi _b MCS - NUST, _c2013 |
||
| 300 | _a75 p. ; 30cm | ||
| 650 |
_a Computer Software Engineering-Aspect Oriented Design _935210 |
||
| 942 |
_2ddc _cTHE |
||
| 999 |
_c608214 _d608214 |
||